| 000 | 00627cam a22002055i 4500 | ||
|---|---|---|---|
| 999 |
_c7813 _d7813 |
||
| 001 | 991060545797906706 | ||
| 003 | OSt | ||
| 005 | 20231114132916.0 | ||
| 008 | 220531s2021 sp |||||-|||||0|| e-spa|c | ||
| 020 | _a9788418854729 | ||
| 040 |
_bcat _erda _aES-BaUAB _cCDMR |
||
| 100 | 1 | _aTomeo Escuin, Carlos, | |
| 245 | 1 | 0 |
_a(prae) libro blanco para radiodistas : _bperiodismología de la comunicación radiofónica / _cCarlos Tomeo Escuin |
| 264 | 1 |
_aSevilla : _bUniverso de Letras , _c2021 |
|
| 300 |
_a317 pàgines ; _c24 cm |
||
| 650 | 7 |
_aRadiodifusió _xNoticiaris. _2lemac |
|
| 908 | _aUAB | ||
| 940 | _aUAB | ||
| 942 |
_2udc _cMON |
||